Report on RSL groups (Record no. 68974)
[ view plain ]
| 000 -LEADER | |
|---|---|
| fixed length control field | 00949cam a2200205 4500 |
| 001 - CONTROL NUMBER | |
| control field | WB3745-14 |
| 008 - FIXED-LENGTH DATA ELEMENTS--GENERAL INFORMATION | |
| fixed length control field | 011129n2001 000 0 eng u |
| 035 ## - SYSTEM CONTROL NUMBER | |
| System control number | (Sirsi) u115797 |
| 245 ## - TITLE STATEMENT | |
| Title | Report on RSL groups |
| 260 ## - PUBLICATION, DISTRIBUTION, ETC. | |
| Date of publication, distribution, etc. | 2001 |
| 490 ## - SERIES STATEMENT | |
| Series statement | RICS Residential Faculty News |
| Volume/sequential designation | 27 November 2001, (1) |
| 520 ## - SUMMARY, ETC. | |
| Summary, etc. | The Audit Commission's latest report "Group dynamics: group structures and registered social landlords" looks at the main factors that have encouraged larger RSLs to set up as a new group or reorganise an existing group, and how these groups are organised. The report reveals that more RSL groups were registered last year than individual RSLs. Report available at: http://www.audit-commission.gov.uk/publications/groupdynamics.shtml. |
| 590 ## - LOCAL NOTE (RLIN) | |
| Local note | WB |
| 650 ## - SUBJECT ADDED ENTRY--TOPICAL TERM | |
| Topical term or geographic name entry element | RSLS |
| 650 ## - SUBJECT ADDED ENTRY--TOPICAL TERM | |
| Topical term or geographic name entry element | AUDIT COMMISSION |
| 650 ## - SUBJECT ADDED ENTRY--TOPICAL TERM | |
| Topical term or geographic name entry element | SOCIAL HOUSING |
| 650 ## - SUBJECT ADDED ENTRY--TOPICAL TERM | |
| Topical term or geographic name entry element | REGISTERED SOCIAL LANDLORDS |
| 690 ## - LOCAL SUBJECT ADDED ENTRY--TOPICAL TERM (OCLC, RLIN) | |
| Topical term or geographic name as entry element | Affordable housing |
| 9 (RLIN) | 6215 |
| 942 ## - ADDED ENTRY ELEMENTS (KOHA) | |
| Suppress in OPAC | 0 |
| Withdrawn status | Lost status | Source of classification or shelving scheme | Damaged status | Not for loan | Home library | Current library | Shelving location | Date acquired | Total Checkouts | Full call number | Barcode | Date last seen | Copy number | Price effective from | Koha item type |
|---|---|---|---|---|---|---|---|---|---|---|---|---|---|---|---|
| Dewey Decimal Classification | London | London | News article | 29/11/2001 | WB3745-14 | 115797-1001 | 06/08/2019 | 1 | 06/08/2019 | News article |